| 000 | 01173nam a2200277 i 4500 | ||
|---|---|---|---|
| 001 | 172010 | ||
| 003 | ES-MaACL | ||
| 005 | 20250808062822.0 | ||
| 007 | t| | ||
| 008 | 090610s1986 sp |||| | spa d | ||
| 020 | _a84-220-1276-6 | ||
| 100 | 0 |
_aAgustín _cSanto, Obispo de Hipona. _9125563 |
|
| 245 | 1 | 0 |
_aObras completas de San Agustín. _nXXX, _pEscritos antimaniqueos (1º) / _cintroducciones, traducción, notas e índices de Pío de Luis ; [texto latino revisado por Miguel Fuertes Lanero]. |
| 250 | _aEd. bilingüe. | ||
| 260 |
_aMadrid : _bLa Editorial Católica, _c1986. |
||
| 300 |
_aIX, 639 p. ; _c20 cm. |
||
| 490 | 1 |
_aBiblioteca de autores cristianos ; _v487 |
|
| 505 | 8 | _aContiene: Las dos almas ; Actas del debate con Fortunato ; Réplica a Adimanto ; Réplica a la carta llamada "del Fundamento" ; Actas del debate con Félix ; Respuesta a Secundino | |
| 546 | _aTexto latino y traducción en español. | ||
| 650 | 4 |
_aManiqueísmo. _9157500 |
|
| 700 | 1 |
_aLuis, Pío de. _974684 |
|
| 700 | 1 |
_aFuertes Lanero, Miguel. _9140541 |
|
| 830 | 0 | 0 |
_aBiblioteca de autores cristianos _v487 _9178679 |
| 852 |
_aES-MaACL _jJ-475 |
||
| 999 |
_c172010 _d172010 |
||